| 000 | nam a22 7a 4500 | ||
|---|---|---|---|
| 999 |
_c4679 _d235183 |
||
| 020 | _a9788568364130 | ||
| 080 | _a340.12 = 690 L 628 | ||
| 100 | _aLima de Ävila LUiz Augusto | ||
| 245 | _aMeugnin E Odapluc, Mas Será Ele Odanednoc? | ||
| 250 | _a2ª Ed. | ||
| 260 |
_aBelo Horizonte _bFundacçao Mariana Resende Costa: FUMARC _c2016 |
||
| 300 | _a126 P. | ||
| 650 |
_xargumentacion juridica _xfilosofia |
||
| 942 | _6_ | ||
| 945 |
_acd _d2017-12-26 |
||